• 首页
  • 本馆介绍
  • 公告通知
  • 最新文献
  • 馆藏检索
  • 电子资源
  • 读者导购
  • 参考咨询
  • 我的图书馆
  • 登录
  • 详细信息显示
  • 放入我的书架
  • 预约/预借图书
  • 作者相关作品
  • 分类相关作品
  • 丛书相关作品
  • 出版社相关作品

书目信息

  • 表格格式
  • 工作单格式
  • 卡片格式
题名:
曹魏文化读本
    
 
作者: 王海升 , 张兰花 编著
分册:  
出版信息: 郑州   郑州大学出版社  2015.09
页数: 252页
开本: 24cm
丛书名:
单 册:
中图分类: K236.103
科图分类:
主题词: 文化史--Wen Hua Shi--魏国--通俗读物
电子资源:
ISBN: 978-7-5645-2557-6
000 00982nam0 22002531 450
001 349640
005 20161010152944.68
010    @a978-7-5645-2557-6@dCNY33.00
100    @a20151125d2015 em y0chiy50 ea
101 0  @achi
102    @aCN@b410000
105    @ay z 000yy
106    @ar
200 1  @a曹魏文化读本@ACao Wei Wen Hua Du Ben@f王海升,张兰花编著
210    @a郑州@c郑州大学出版社@d2015.09
215    @a252页@d24cm
330    @a《曹魏文化读本》从《三国志》以及三曹、七子等诗文中选取有关人物、论述、故事、诗句等412则,分上、下两篇52个小类,上篇偏重修身、齐家方面,下篇偏重治国、平天下方面。全书以故事为主体,以文本为载体,以诗歌为补充,以历史为镜鉴,全面梳理了曹魏时期政治、经济、军事、教育、文化等概况。
333    @a历史爱好者
606 0  @a文化史@AWen Hua Shi@y魏国@j通俗读物
690    @aK236.103@v5
701  0 @a王海升@AWang Hai Sheng@4编著
701  0 @a张兰花@AZhang Lan Hua@4编著
801  0 @aCN@bTANGWEI@20160730
905    @b0886025-9@dK236.103@e56@f5
    
    曹魏文化读本/王海升,张兰花编著.-郑州:郑州大学出版社,2015.09
    252页;24cm
    使用对象:历史爱好者
    
    ISBN 978-7-5645-2557-6:CNY33.00
    《曹魏文化读本》从《三国志》以及三曹、七子等诗文中选取有关人物、论述、故事、诗句等412则,分上、下两篇52个小类,上篇偏重修身、齐家方面,下篇偏重治国、平天下方面。全书以故事为主体,以文本为载体,以诗歌为补充,以历史为镜鉴,全面梳理了曹魏时期政治、经济、军事、教育、文化等概况。
●
相关链接 在E读中查询图书 在五车中查询图书 在当当中查询图书 在豆瓣中查询图书


正题名:曹魏文化读本     索取号:K236.103/56         预约/预借

序号 登录号 条形码 馆藏地/架位号 状态 备注
1 0886025   208860259   第二样本阅览室/ [索取号:K236.103/56] 在馆    
2 0886026   208860268   第二借阅区/ [索取号:K236.103/56] 在馆    
3 0886027   208860277   第二借阅区/ [索取号:K236.103/56] 在馆    
4 0886028   208860286   第二借阅区/ [索取号:K236.103/56] 在馆    
5 0886029   208860295   史法系资料室/ [索取号:K236.103/56] 在馆    
唐山师范学院图书馆 欢迎您!
大连网信软件有限公司© 版权所有